| 000 | 00757nam a22001817a 4500 | ||
|---|---|---|---|
| 005 | 20241128115342.0 | ||
| 010 | _aHIN-128860 | ||
| 020 | _c50.00 | ||
| 035 | _aHN-101206 | ||
| 037 | _bDBAD | ||
| 082 | _a230.2 | ||
| 100 |
_aसरस्वती, अखंडानंद _974209 |
||
| 245 |
_aऊखल बंधन लीला / _cअखंडानंद सरस्वती |
||
| 260 |
_aवृंदावन _bस्वमीश्री अखंडानंद पुस्तकालय _c2012 |
||
| 270 |
_aआनन्द कुटीर, मोतीझील _bवृंदावन _e281121 _k09837219460 |
||
| 300 |
_a256 पृ. _c21 सेमी (अजिल्द) |
||
| 942 |
_2ddc _cHN _h230.2 _mसरस्व |
||
| 999 |
_c207121 _d207121 |
||